Rating appeals on the web (Record no. 63115)

MARC details
000 -LEADER
fixed length control field 00643cam a2200181 4500
001 - CONTROL NUMBER
control field WB3614-28
008 - FIXED-LENGTH DATA ELEMENTS--GENERAL INFORMATION
fixed length control field 000000n2000 000 0 eng u
035 ## - SYSTEM CONTROL NUMBER
System control number (Sirsi) u105256
245 ## - TITLE STATEMENT
Title Rating appeals on the web
260 ## - PUBLICATION, DISTRIBUTION, ETC.
Date of publication, distribution, etc. 2000
490 ## - SERIES STATEMENT
Series statement Valuation Office Press Release
Volume/sequential designation 3 April 2000 (1)
520 ## - SUMMARY, ETC.
Summary, etc. Rating appeals can now be made via the internet. The first phase allows for single appeals to be made. It is hoped to extend the facility to multiple appeals at a later stage. http://www.voa.gov.uk
590 ## - LOCAL NOTE (RLIN)
Local note WB
650 ## - SUBJECT ADDED ENTRY--TOPICAL TERM
Topical term or geographic name entry element RATING APPEALS
650 ## - SUBJECT ADDED ENTRY--TOPICAL TERM
Topical term or geographic name entry element INTERNET
690 ## - LOCAL SUBJECT ADDED ENTRY--TOPICAL TERM (OCLC, RLIN)
Topical term or geographic name as entry element RATING AND LOCAL TAXATION
942 ## - ADDED ENTRY ELEMENTS (KOHA)
Suppress in OPAC 0
Holdings
Withdrawn status Lost status Source of classification or shelving scheme Damaged status Not for loan Home library Current library Shelving location Date acquired Total Checkouts Full call number Barcode Date last seen Copy number Price effective from Koha item type
    Dewey Decimal Classification     London London News article 06/04/2000   WB3614-28 105256-1001 06/08/2019 1 06/08/2019 News article